US high speed prefab system. (Record no. 61776)

MARC details
000 -LEADER
fixed length control field 00758cam a2200169 4500
001 - CONTROL NUMBER
control field WB3538-07
008 - FIXED-LENGTH DATA ELEMENTS--GENERAL INFORMATION
fixed length control field 000000n1999 000 0 eng u
035 ## - SYSTEM CONTROL NUMBER
System control number (Sirsi) u102801
245 ## - TITLE STATEMENT
Title US high speed prefab system.
260 ## - PUBLICATION, DISTRIBUTION, ETC.
Date of publication, distribution, etc. 1999
490 ## - SERIES STATEMENT
Series statement Construction News
Volume/sequential designation (6635) 30 September 1999, 16(1)
520 ## - SUMMARY, ETC.
Summary, etc. A new formwork system called ECO-Block is soon to be available in the UK. The system has been used in the US for two years, and consists of a series of pre-fabricated, expanded polystyrene blocks into which concrete is poured. The system is said to reduce construction times by a third, but as yet has no Agrement Certificate.
650 ## - SUBJECT ADDED ENTRY--TOPICAL TERM
Topical term or geographic name entry element PREFABRICATION
650 ## - SUBJECT ADDED ENTRY--TOPICAL TERM
Topical term or geographic name entry element CONSTRUCTION METHODS
690 ## - LOCAL SUBJECT ADDED ENTRY--TOPICAL TERM (OCLC, RLIN)
Topical term or geographic name as entry element BUILT ENVIRONMENT
942 ## - ADDED ENTRY ELEMENTS (KOHA)
Suppress in OPAC 0
Holdings
Withdrawn status Lost status Source of classification or shelving scheme Damaged status Not for loan Home library Current library Shelving location Date acquired Total Checkouts Full call number Barcode Date last seen Copy number Price effective from Koha item type
    Dewey Decimal Classification     London London News article 24/11/1999   WB3538-07 102801-1001 06/08/2019 1 06/08/2019 News article